000 00526nam a2200217Ia 4500
003 OSt
005 20220928135512.0
006 a|||||r|||| 00| 0
007 ta
008 220927b |||||||| |||| 00| 0 eng d
024 _a2594
037 _cTextual
040 _aSDCL
_cSDCL
_beng
041 _2eng
_aeng
082 _aO-,1K75x, L3
100 _aPhilips Ambrose
_9491042
245 0 _aPastorals 1748
260 _c1973
942 _hO-,1K75x, L3
_cTEXL
_2CC
999 _c806405
_d806405